Termodin mica / Yunus A. Cengel, Michael A. Boles (Registro nro. 18566)

Detalles MARC
000 -LÍDER
fixed length control field 00497nam a2200181 4500
008 - ELEMENTOS DE LONGITUD FIJA -- INFORMACIÓN GENERAL
fixed length control field 0 2003 0alnt000 0MEX
020 ## - NÚMERO INTERNACIONAL NORMALIZADO PARA LIBROS
ISBN 970-10-3966-1
050 ## - SIGNATURA TOPOGRAFICA DE LA BIBLIOTECA DEL CONGRESO (LC)
Número de Clasificación QC311 C4618 2003
082 ## - NUMERO DE CLASIFICACION DECIMAL DEWEY
Número de Clasificación 536.7 C395t
100 ## - ASIENTO PRINCIPAL--NOMBRE PERSONAL
Nombre personal Cengel, Yunus A.
245 ## - TÍTULO
Título Termodin mica / Yunus A. Cengel, Michael A. Boles
250 ## - MENCIÓN DE EDICIÓN
Mención de edición 4
260 ## - PUBLICACIÓN, DISTRIBUCIÓN, ETC. (PIE DE IMPRENTA)
Lugar de publicación, distribución, etc. México : McGraw Hill
300 ## - DESCRIPCIÓN FÍSICA
Extensión 829 p. / 27 cm.
500 ## - NOTA GENERAL
Nota general Incluye CD Rom
650 ## - ASIENTO SECUNDARIO DE MATERIA - TERMINO TEMÁTICO
Término temático o nombre geográfico como elemento de entrada 1.TERMODINAMICA
700 ## - ASIENTO SECUNDARIO - NOMBRE PERSONAL
Nombre personal Boles, Michael A. Coaut.
Existencias
No. biblioteca No. biblioteca Número de clasificación Código de barras/Número de adquisición Número de copia Tipo de material
LUIS G. INCLAN LUIS G. INCLAN 536.7 C395t 44503 1 Libros
LUIS G. INCLAN LUIS G. INCLAN 536.7 C395t 48035 2 Libros
Calzada Tecnológico # 27, Zacatepec, Morelos.
01(734) 343-07-23 / 343-21-10 / 343-21-11
Apdo. Postal 45 C.P 62780